[Event "Moia op 3rd"]
[Site "Moia"]
[Date "2014.10.17"]
[Round "5"]
[White "Molina Carretero, Daniel"]
[Black "Canovas Prats, Enric"]
[Result "1-0"]
[WhiteElo "2152"]
[BlackElo "1993"]
[PlyCount "37"]
[EventDate "2014.09.19"]
[EventType "swiss"]
[EventRounds "8"]
[EventCountry "ESP"]
[SourceTitle "EXT 2016"]
[Source "ChessBase"]
[SourceDate "2015.10.08"]
[SourceVersion "1"]
[SourceVersionDate "2015.10.08"]
[SourceQuality "1"]

1. e4 e5 2. f4 d5 3. exd5 exf4 4. Nf3 Qxd5 5. Nc3 Qf5 6. d4 Nf6 7. Bc4 Be7 8. 0-0 0-0 9. Ne5 g5 10. g3 Qh3 11. gxf4 g4 12. Qe1 Nh5 13. Nxf7 Rxf7 14. Qxe7 Be6 15. Qxe6 Nd7 16. Qxf7+ Kh8 17. Qxd7 Qh4 18. Qe6 g3 19. Qe2 1-0

[Event "Moia op 3rd"]
[Site "Moia"]
[Date "2014.10.03"]
[Round "3"]
[White "Canovas Prats, Enric"]
[Black "Canellas Magide, Lluis"]
[Result "1-0"]
[WhiteElo "1993"]
[BlackElo "2208"]
[PlyCount "81"]
[EventDate "2014.09.19"]
[EventType "swiss"]
[EventRounds "8"]
[EventCountry "ESP"]
[SourceTitle "EXT 2016"]
[Source "ChessBase"]
[SourceDate "2015.10.08"]
[SourceVersion "1"]
[SourceVersionDate "2015.10.08"]
[SourceQuality "1"]

1. d4 d5 2. Nf3 e6 3. Bf4 c6 4. c3 f5 5. e3 Nf6 6. Nbd2 Bd6 7. Be5 0-0 8. Be2 Ne4 9. h4 Qc7 10. Bxd6 Nxd6 11. Bd3 Nf7 12. Ng5 g6 13. Nxf7 Rxf7 14. f4 h6 15. Nf3 Nd7 16. Qe2 b6 17. 0-0-0 h5 18. Rh3 a5 19. Kb1 Qa7 20. Ng5 Re7 21. Rc1 b5 22. Rhh1 Nf6 23. Nf3 Ng4 24. Rc2 Ba6 25. Ne5 Nxe5 26. fxe5 c5 27. Bxb5 c4 28. Bxa6 Qxa6 29. g3 a4 30. a3 Rb7 31. Rh2 Rab8 32. Qf2 Rb3 33. Qf4 Kh7 34. g4 Rxa3 35. gxh5 Rab3 36. Qg5 Rg8 37. Qe7+ Kh8 38. Qf6+ Kh7 39. Rhg2 a3 40. hxg6+ Kh6 41. g7+ 1-0

[Event "Moia op 1st"]
[Site "Moia"]
[Date "2013.07.07"]
[Round "8"]
[White "Canovas Prats, Enric"]
[Black "Centelles Vivas, Aleix"]
[Result "1-0"]
[WhiteElo "1700"]
[BlackElo "1774"]
[PlyCount "141"]
[EventDate "2013.05.19"]
[EventType "swiss"]
[EventRounds "8"]
[EventCountry "ESP"]
[SourceTitle "EXT 2014"]
[Source "ChessBase"]
[SourceDate "2013.11.20"]
[SourceVersion "1"]
[SourceVersionDate "2013.11.20"]
[SourceQuality "1"]

1. e4 c6 2. d4 d5 3. e5 c5 4. c3 Bf5 5. Ne2 e6 6. Ng3 Bg6 7. h4 h6 8. h5 Bh7 9. Bd3 Bxd3 10. Qxd3 Nc6 11. Nd2 Rc8 12. a3 Qb6 13. Ne2 Nge7 14. f4 Nf5 15. g4 Nfe7 16. f5 c4 17. Qf3 Nd8 18. Rf1 Nec6 19. fxe6 fxe6 20. Nf4 Ne7 21. Rf2 Rg8 22. Nf1 Rc7 23. Ne3 Nf7 24. Nh3 Nc6 25. Qf4 Nfd8 26. Qg3 Rf7 27. Nf4 Be7 28. Ng6 Rxf2 29. Qxf2 Nf7 30. Ng2 Bg5 31. N2f4 Ne7 32. Qc2 Qc6 33. Nxe7 Kxe7 34. Qh7 Qe8 35. Ng6+ Kd7 36. Bf4 Bxf4 37. Nxf4 Ng5 38. Qg6 Qe7 39. 0-0-0 Rf8 40. Ne2 Ne4 41. Rg1 Rf2 42. Re1 b5 43. Ng1 Nxc3 44. Nh3 Rf3 45. Ng1 Rg3 46. Kc2 Ne4 47. Rxe4 dxe4 48. Ne2 Rd3 49. Qxe4 Kc7 50. Nf4 Rg3 51. d5 Kc8 52. dxe6 Kb8 53. Qc6 b4 54. Qb5+ Kc8 55. Qc6+ Kb8 56. Qb5+ Kc8 57. Qc6+ Kb8 58. Qd6+ Qxd6 59. exd6 Kc8 60. Nd5 b3+ 61. Kc1 Rd3 62. Ne7+ Kd8 63. Nc6+ Kc8 64. Nxa7+ Kd8 65. Nc6+ Kc8 66. d7+ Kc7 67. d8Q+ Rxd8 68. Nxd8 Kxd8 69. Kd2 Ke7 70. Kc3 Kxe6 71. Kxc4 1-0

[Event "Moia op 1st"]
[Site "Moia"]
[Date "2013.06.30"]
[Round "7"]
[White "Riera Sola, Lluis"]
[Black "Canovas Prats, Enric"]
[Result "0-1"]
[WhiteElo "1950"]
[BlackElo "1700"]
[PlyCount "90"]
[EventDate "2013.05.19"]
[EventType "swiss"]
[EventRounds "8"]
[EventCountry "ESP"]
[SourceTitle "EXT 2014"]
[Source "ChessBase"]
[SourceDate "2013.11.20"]
[SourceVersion "1"]
[SourceVersionDate "2013.11.20"]
[SourceQuality "1"]

1. e4 e5 2. Nf3 Nc6 3. Bb5 a6 4. Bxc6 dxc6 5. 0-0 Bg4 6. d3 Qf6 7. Bg5 Qe6 8. Nbd2 Bc5 9. Qe2 Nf6 10. Be3 Be7 11. h3 Bh5 12. Rfe1 h6 13. Nf1 g5 14. Ng3 Bg6 15. d4 Nxe4 16. Nxe4 Bxe4 17. Nxe5 0-0-0 18. f3 Bg6 19. Nxg6 Qxg6 20. Qc4 Bd6 21. Bf2 h5 22. Re4 Qf5 23. Qe2 Rdg8 24. Re1 g4 25. fxg4 hxg4 26. Rxg4 Re8 27. Re4 Reg8 28. Qd3 Qh7 29. Re8+ Rxe8 30. Rxe8+ Kd7 31. Qxh7 Rxh7 32. Re2 f5 33. c3 f4 34. Re4 a5 35. Kf1 f3 36. Re3 fxg2+ 37. Kxg2 Rg7+ 38. Bg3 Bf4 39. Rf3 Bc1 40. b3 Ke6 41. Kf2 b5 42. Bf4 Bb2 43. Bxc7 Rxc7 44. Ke2 Rg7 45. Kd3 b4 0-1

[Event "Moia op 1st"]
[Site "Moia"]
[Date "2013.05.26"]
[Round "2"]
[White "Guell Codina, Ramon"]
[Black "Canovas Prats, Enric"]
[Result "1/2-1/2"]
[WhiteElo "1949"]
[BlackElo "1700"]
[PlyCount "43"]
[EventDate "2013.05.19"]
[EventType "swiss"]
[EventRounds "8"]
[EventCountry "ESP"]
[SourceTitle "EXT 2014"]
[Source "ChessBase"]
[SourceDate "2013.11.20"]
[SourceVersion "1"]
[SourceVersionDate "2013.11.20"]
[SourceQuality "1"]

1. e4 c5 2. Nc3 g6 3. g3 Nc6 4. Bg2 Bg7 5. Nge2 Nf6 6. 0-0 d6 7. d3 Bd7 8. Rb1 Qc8 9. f3 0-0 10. Be3 Rb8 11. Qd2 Rd8 12. Nd1 b5 13. c3 Ne5 14. Nf2 Be6 15. b3 b4 16. c4 Nc6 17. d4 cxd4 18. Nxd4 Nxd4 19. Bxd4 Nd7 20. Bxg7 Kxg7 21. f4 f6 22. Nd3 1/2-1/2